Geografia fizyczna Afryki - Statystyki

Ogólne statystyki
  • Ten quiz został rozwiązany 104 razy
  • Średni wynik to 12 z 20
Statystyki odpowiedzi
Wskazówka Odpowiedź % Poprawnych
Najdłuższe rzeki Nil
95%
Najwyższe szczyty Kilimandżaro
91%
Największe pustynie Sahara
90%
Największa wyspa Madagaskar
86%
Pasmo górskie Maroka, Algierii i Tunezji Atlas
79%
Najdłuższe rzeki Demokratyczna Republika Konga
76%
Kanał łączący Morze Śródziemne i Morze Czerwone Kanał Sueski
76%
Najdłuższe rzeki Niger
73%
Cieśnina między Afryką a Europą Cieśnina Gibraltarska
62%
Największe pystynie Kalahari
59%
Przylądek blisko Kapsztadu Przylądek Dobrej Nadziei
59%
Somalia, Etiopia, Eritrea i Dżibuti {Róg} Afryki
56%
Największe jeziora (powierzchnia) Tanganika
56%
Termin oznaczający ekosystem trawiasty, taki jak powyżej Sawanna
44%
Największe jeziora (powierzchnia) Malawi
42%
Najwyższe szczyty Kenia
41%
Strefa półpustynna wzdłuż południowego skraju pustyni #1 Sahel
41%
Największe jeziora (powierzchnia) Wiktoria
41%
Region Kenii i Tanzanii; Miejsce migracji gnu Serengeti
9%
Dolina o długości 6000 km Wielkie Rowy Afrykańskie
3%
Nie znaleziono quizów pasujących do podanych kryteriów
Rozkład punktacji
Procent ludzi z każdym wynikiem
Percentyl według liczby udzielonych odpowiedzi
Twoja historia wyników
Nie rozwiązałeś tego quizu